Loading...
| Science - Other | 0 | 7 | 0 | 2 | 70 | 61 | 84.86 | 0 | 4 | 19.90 | 35.45 |
| Science - Physics | 0 | 3 | 1 | 1 | 25 | 110 | 122.67 | 0 | 0 | 1.28 | 10.00 |
| Philosophy | 0 | 2 | 0 | 1 | 20 | 46 | 94.50 | 0 | 0 | 5.66 | 7.27 |
| Literature - American | 0 | 2 | 0 | 0 | 20 | 78 | 83.00 | 0 | 2 | 7.50 | 15.45 |
| Science - Chemistry | 0 | 1 | 0 | 0 | 10 | 120 | 120.00 | 0 | 0 | 0.00 | 1.82 |
| Fine Arts - Other | 0 | 1 | 0 | 0 | 10 | 136 | 136.00 | 0 | 0 | -0.14 | 1.82 |
| Social Science | 0 | 1 | 1 | 0 | 5 | 96 | 96.00 | 0 | 0 | 1.37 | 3.64 |
| History - American | 0 | 1 | 1 | 1 | 5 | 126 | 126.00 | 0 | 0 | 0.00 | 2.73 |
| Mythology | 0 | 0 | 0 | 0 | 0 | 0.00 | 0 | 0 | 0.00 | 0.00 | |
| History - Other | 0 | 0 | 0 | 0 | 0 | 0.00 | 0 | 0 | 0.00 | 0.00 | |
| Literature - European | 0 | 0 | 1 | 0 | -5 | 0.00 | 0 | 0 | 0.00 | 0.00 |